Statystyki dla Najwięcej występów w niemieckiej reprezentacji piłki nożnej

Kliknij tutaj aby rozwiązać quiz!

Ogólne statystyki

  • Ten quiz został rozwiązany 211 razy
  • Średni wynik to 4 z 10

Statystyki odpowiedzi

Lp.ZawodnikLiczba występów% Poprawnych
2.Miroslav Klose137
84%
5.Philipp Lahm113
76%
3.Lukas Podolski130
72%
9.Franz Beckenbauer103
68%
1.Lothar Matthaus150
53%
4.Bastian Schweinsteiger121
43%
6.Jürgen Klinsmann108
17%
8.Per Mertesacker104
11%
7.Jürgen Kohler105
5%
10.Thomas Hassler101
4%

Rozkład punktacji

Percentyl według liczby udzielonych odpowiedzi

Procent ludzi z każdym wynikiem

Twoja historia wyników

Nie rozwiązałeś tego quizu